[Ľudské zdroje a personálny manažment]

Recenzia na publikáciu, ktorá identifikuje konkrétne činnosti pracovníka, ktorý by mal predstavovať experta v danej oblasti, následne tieto činnosti sú subsumované do jednotlivých úloh, od ktorých sú odvodené vedomosti, zručnosti a postoje nevyhnutné do dosiahnutie edukačného štandardu.

Guardado en:
Detalles Bibliográficos
Autor principal: Fodranová, Iveta, 1959-
Formato: Capítulo de libro
Lenguaje:eslovaco
Materias:
Etiquetas: Agregar Etiqueta
Sin Etiquetas, Sea el primero en etiquetar este registro!

MARC

LEADER 00000naa a2200000 4500
001 0184678
005 20240502073151.7
041 0 |a slo 
044 |a SK 
245 1 0 |a [Ľudské zdroje a personálny manažment]  |c Iveta Fodranová 
520 |a Recenzia na publikáciu, ktorá identifikuje konkrétne činnosti pracovníka, ktorý by mal predstavovať experta v danej oblasti, následne tieto činnosti sú subsumované do jednotlivých úloh, od ktorých sú odvodené vedomosti, zručnosti a postoje nevyhnutné do dosiahnutie edukačného štandardu. 
610 2 0 |a recenzie 
610 2 0 |a zdroje ľudské 
610 2 0 |a manažment personálny 
610 2 0 |a riadenie ľudských zdrojov 
100 1 |a Fodranová, Iveta, 1959-